[Event "BL 2017-18"]
[Site "Germany"]
[Date "2018.05.01"]
[Round "15"]
[White "Inarkiev, Ernesto"]
[Black "Van Foreest, Jorden"]
[Result "0-1"]
[WhiteElo "2680"]
[BlackElo "2636"]
[Annotator "TA"]
[PlyCount "96"]
[EventDate "2018.05.24"]
[EventType "team-tourn"]
[EventCountry "GER"]
[SourceTitle "playchess.com"]
[Source "ChessBase"]
[SourceQuality "1"]
[WhiteTeam "Schwaebisch Hall"]
[BlackTeam "Aachen"]

{[%evp 9,96,30,39,44,39,39,41,33,42,45,36,40,43,46,47,45,39,29,39,26,61,37,37,36,45,0,0,0,11,11,11,11,12,11,9,8,7,7,7,7,27,19,56,70,62,21,16,-169,-163,-230,-234,-226,-228,-268,-268,-265,-262,-273,-250,-253,-239,-243,-251,-227,-235,-372,-369,-373,-231,-264,-264,-260,-257,-247,-253,-250,-250,-347,-340,-540,-540,-564,-564,-549,-555,-268,-265,-746,-739]} 1. e4 e5 2. Nf3 Nc6 3. Bb5 {[%cal Bf1b5,Bb5a4,Ba4b3,Bb3d5][%mdl 32]} a6 4. Ba4 b5 5. Bb3 g6 {LiveBook: 6 Games} (5... Na5 6. Bxf7+ Kxf7 7. Nxe5+ Ke7 8. d4 d6 9. Nd3 Kf7 10. O-O Bb7 11. Nc3 Nf6 12. e5 dxe5 13. dxe5 Nd5 14. Ne4 {½-½ (61) Vachier Lagrave,M (2789)-Vallejo Pons,F (2707) Riadh 2017}) 6. a4 {C70: Ruy Lopez: 3...a6 4 Ba4, Norwegian and Delayed Schliemann} b4 7. d4 exd4 $1 8. Nxd4 {White is slightly better.} Na5 9. Bd5 c6 10. Ba2 Bg7 11. O-O Ne7 12. c3 $146 ({Predecessor:} 12. Nb3 Nb7 13. Re1 {½-½ (60) Jusic,Z (2247)-Tomazini,Z (2395) Slovenia 2017}) 12... Rb8 13. Bf4 (13. cxb4 {looks sharper.} Rxb4 14. Nc2 Rxe4 15. Nd2 Re6 16. Bxe6 dxe6 17. b4) 13... d6 14. Nd2 O-O 15. Qc2 c5 16. N4b3 Nec6 17. Rad1 Qf6 18. Bg3 Nxb3 19. Bxb3 bxc3 20. bxc3 Rd8 21. Bd5 Ne7 22. Ba2 Qxc3 23. Qxc3 Bxc3 24. Nc4 Be6 {Hoping for ...Rb4.} 25. Bxd6 Nc6 26. Bxb8 ({Reject} 26. Bxc5 Bd4 $17) 26... Rxb8 27. Rb1 Rb4 28. Rfc1 $2 {[#]} (28. Rxb4 $11 {and White is okay.} cxb4 29. Rc1) 28... Nd4 $1 $36 {[%mdl 2048] Black is really pushing.} 29. Kh1 (29. Kf1 $142 Bxc4+ 30. Bxc4 Rxc4 31. Rb8+ Kg7 32. g3) 29... Ne2 30. Rd1 Rxa4 ({Not} 30... Bxc4 31. Rxb4 Bxa2 32. Rd8+ Kg7 33. Rb7 $15) (30... Rxc4 31. Rb8+ Kg7 32. Bxc4 $15) 31. Rb8+ Kg7 32. Bb3 Rxc4 33. Bxc4 Bxc4 34. Rd7 Bd4 35. f3 Nf4 36. Rbb7 Nd3 37. Rxd4 (37. Rd8 {might work better.}) 37... cxd4 38. Rd7 Nb2 39. Rxd4 a5 {[%cal Ba6a5,Ba5a4,Ba4a3][%mdl 32]} 40. Rd2 {[#]} Nd3 $1 {And now ...a4 would win.} 41. Rc2 Be6 {...a4 is the strong threat.} 42. Rd2 Nc1 {Strongly threatening ...a4.} 43. Rc2 Na2 44. Rc7 (44. Rb2 {was worth a try.} a4 45. Rb5) 44... a4 45. Ra7 Bb3 46. Kg1 Nb4 47. Kf2 Nc2 48. Rb7 $2 (48. Ke2) 48... a3 {Precision: White = 46%, Black = 80%.} 0-1

[Event "BL 2017-18"]
[Site "Germany"]
[Date "2018.05.01"]
[Round "15"]
[White "Fressinet, Laurent"]
[Black "Piorun, Kacper"]
[Result "1-0"]
[WhiteElo "2662"]
[BlackElo "2633"]
[Annotator "TA"]
[PlyCount "43"]
[EventDate "2018.05.24"]
[EventType "team-tourn"]
[EventCountry "GER"]
[SourceTitle "playchess.com"]
[Source "ChessBase"]
[SourceQuality "1"]
[WhiteTeam "Werder Bremen"]
[BlackTeam "SFR Berlin"]

{[%evp 18,43,37,35,60,52,52,60,64,64,71,70,87,86,86,96,92,71,119,107,120,120,222,214,243,237,405,406]} 1. d4 Nf6 2. c4 e6 3. Nf3 d5 4. g3 Bb4+ 5. Bd2 Bd6 6. Nc3 {E01: Catalan: Early deviations} O-O 7. Bg5 c6 8. Bg2 Nbd7 9. e4 dxe4 {[#]} 10. Nxe4 $1 {[%mdl 512] LiveBook: 12 Games} Be7 $146 (10... Nxe4 11. Bxd8) ({Predecessor:} 10... Bb4+ 11. Nc3 h6 12. Bf4 e5 13. dxe5 {0-1 (80) Bogosavljevic,B (2520)-Ding,L (2764) Novi Sad 2016}) 11. Nxf6+ Bxf6 12. Bxf6 Qxf6 13. Qe2 c5 14. Rd1 cxd4 15. Nxd4 a5 16. O-O Rb8 17. Rfe1 Nc5 {[#]} 18. Qe3 $1 h6 19. b3 Qe7 {[#]} (19... Na6 $16 20. Nf3 a4) 20. Qe5 $1 $18 {[%cal Re5b8]} Na6 21. Qxa5 b6 $2 (21... Kh8 {keeps fighting.} 22. Qc3 Qc5) 22. Nc6 $1 {[%csl LRb8,LRe7] Precision: White = 85%, Black = 35%.} 1-0

[Event "BL 2017-18"]
[Site "Germany"]
[Date "2018.05.01"]
[Round "15"]
[White "Van Wely, Loek"]
[Black "Lagarde, Maxime"]
[Result "1-0"]
[WhiteElo "2656"]
[BlackElo "2591"]
[Annotator "TA"]
[PlyCount "77"]
[EventDate "2018.05.24"]
[EventType "team-tourn"]
[EventCountry "GER"]
[SourceTitle "playchess.com"]
[Source "ChessBase"]
[SourceQuality "1"]
[WhiteTeam "Solingen"]
[BlackTeam "SF Deizisau"]

{[%evp 10,77,28,26,47,32,56,57,58,55,33,40,76,70,73,58,62,68,64,68,72,79,79,77,76,39,39,41,56,45,47,52,99,95,145,146,173,180,164,157,262,266,310,297,289,289,434,459,473,468,421,420,597,572,577,567,533,554,490,471,937,901,1563,1554,1430,1333,1232,982,1166,992]} 1. Nf3 c5 2. c4 Nf6 3. Nc3 d5 4. cxd5 Nxd5 5. d4 Nxc3 6. bxc3 cxd4 {A34: Symmetrical English: 2 Nc3, lines with ...d5} (6... g6 7. e3 Bg7 8. Bb5+ Nd7 9. a4 O-O 10. O-O b6 11. a5 Bb7 12. a6 Be4 13. Ng5 Nf6 14. Nxe4 Nxe4 15. Bb2 Rc8 16. Bd3 Nd6 17. Qe2 c4 18. Bc2 {1-0 (30) Korobov,A (2692)-Volokitin,A (2649) Rivne 2016}) 7. cxd4 {[%cal Bc3d4,Bd4e5][%mdl 32]} e5 8. dxe5 Qxd1+ {White is slightly better.} 9. Kxd1 Nc6 10. e3 Bg4 11. Bb5 $1 O-O-O+ 12. Ke2 $1 Nxe5 13. Bb2 f6 14. h3 {[#]} Nxf3 $146 ({Predecessor:} 14... Bxf3+ 15. gxf3 {½-½ (75) Nester,I (2420)-Oleksienko,M (2530) Lvov 2006}) 15. hxg4 Rd2+ 16. Kxf3 Rxb2 17. Rac1+ Kb8 18. Bd7 $36 {[%csl Gd7][%cal Rc1c8][%mdl 2048] White fights for an advantage.} Ba3 19. Rxh7 Rd8 {...Rd2 is the strong threat.} 20. Rd1 ({And not} 20. Rxg7 Rd2 $17) 20... Rxa2 21. Rxg7 Bb4 22. Rf7 Bc3 23. Rc1 $1 {[%cal Rc1c3]} Be5 24. Rc5 $1 {Black must now prevent g5!} Rd2 (24... Ra6 $16 25. Rb5 Rb6) 25. Bf5 $18 R2d5 26. Rxd5 Rxd5 {[%mdl 4096] Endgame KRB-KRB} 27. Ke4 $1 {[%cal Re4d5]} Rb5 {[#]} (27... Ra5 $142 28. f4 Bb2) 28. f4 $1 {[%cal Rf4e5]} Bb2 {[#]} 29. g5 $1 {[%cal Rg5g6]} fxg5 30. fxg5 a5 (30... Re5+ {was called for.} 31. Kf4 Re8) 31. g6 {White is clearly winning.} a4 {And now ...a3 would win.} 32. g7 Bxg7 33. Rxg7 {KRB-KR} a3 34. Be6 Rb2 (34... Rb4+ $142 35. Kd3 Rb2) 35. g4 {[%cal Bg2g4,Bg4g5][%mdl 32]} a2 {[#]} 36. Bxa2 $1 Rxa2 37. g5 Rg2 38. Kf5 b5 39. Rd7 {Precision: White = 94%, Black = 40%.} 1-0

[Event "BL 2017-18"]
[Site "Germany"]
[Date "2018.05.01"]
[Round "15"]
[White "Fridman, Daniel"]
[Black "Nisipeanu, Liviu-Dieter"]
[Result "1/2-1/2"]
[WhiteElo "2635"]
[BlackElo "2671"]
[Annotator "TA"]
[PlyCount "47"]
[EventDate "2018.05.24"]
[EventType "team-tourn"]
[EventCountry "GER"]
[SourceTitle "playchess.com"]
[Source "ChessBase"]
[SourceQuality "1"]
[WhiteTeam "Muelheim"]
[BlackTeam "Dresden"]

{[%evp 18,47,12,14,19,14,14,12,18,15,24,22,16,12,26,10,8,3,4,6,7,4,5,0,4,1,7,2,3,2,6,4]} 1. d4 Nf6 2. c4 e6 3. Nc3 Bb4 4. g3 d5 5. Bg2 O-O 6. Nf3 dxc4 7. O-O Bd7 {E20: Nimzo-Indian: 4 g3 and 4 f3} (7... Nc6 8. Qa4 Bd7 9. Bg5 Rb8 10. Rad1 Bxc3 11. bxc3 h6 12. Bxf6 Qxf6 13. Qxc4 Rfc8 14. Nd2 Na5 15. Qb4 b6 {½-½ (67) Matlakov,M (2735)-Tomashevsky,E (2713) St Petersburg 2017}) 8. Ne5 Bc6 9. Nxc6 Nxc6 10. Qa4 {LiveBook: 3 Games} Nd5 11. Nxd5 exd5 12. Qb5 a6 $146 ({Predecessor:} 12... Be7 13. Qxd5 Qxd5 14. Bxd5 Nxd4 15. Bxc4 {½-½ (31) Van den Bergh,P (2079)-Hendriks,R (2142) Dieren 2006}) 13. Qxd5 Qxd5 14. Bxd5 Nxd4 15. Bxc4 Rfe8 16. e3 Nf3+ {The position is equal.} 17. Kg2 Nd2 18. Bxd2 $1 Bxd2 19. Rfd1 Rad8 20. a4 Kf8 21. Ra3 Bb4 22. Rxd8 Rxd8 23. Rb3 a5 24. Rd3 1/2-1/2

[Event "BL 2017-18"]
[Site "Germany"]
[Date "2018.05.01"]
[Round "15"]
[White "Meier, Georg"]
[Black "Ragger, Markus"]
[Result "1/2-1/2"]
[WhiteElo "2634"]
[BlackElo "2666"]
[Annotator "TA"]
[PlyCount "85"]
[EventDate "2018.05.24"]
[EventType "team-tourn"]
[EventCountry "GER"]
[SourceTitle "playchess.com"]
[Source "ChessBase"]
[SourceQuality "1"]
[WhiteTeam "SF Deizisau"]
[BlackTeam "Solingen"]

{[%evp 16,85,26,22,0,0,0,0,0,0,0,7,30,23,21,16,22,16,80,78,59,19,30,31,59,34,33,36,25,0,48,57,56,65,58,46,70,23,18,-122,57,60,92,85,113,95,161,147,154,156,194,71,119,45,104,108,114,0,0,0,0,0,0,-57,-57,-59,0,0,0,0,0,0]} 1. c4 c5 2. Nf3 Nf6 3. e3 g6 4. d4 Bg7 5. d5 O-O 6. Nc3 d6 7. Bd3 e6 8. O-O exd5 9. cxd5 Bg4 {A61: Modern Benoni: Nf3 without early e4} 10. h3 Bxf3 11. Qxf3 ({Much worse is} 11. gxf3 Nxd5 $1 {[%mdl 512]} 12. Nxd5 Qg5+ 13. Kh1 Qxd5 $17) 11... Re8 12. Rd1 Nbd7 13. Qe2 Nh5 $146 ({Predecessor:} 13... a6 14. a4 Rc8 15. a5 Ne5 16. Bc2 c4 17. Bd2 Rc5 18. Na4 Rb5 19. Nb6 Nxd5 20. Nxc4 Rc5 21. Nxe5 {½-½ (21) Mayer,R (2468)-Daus,P (2406) ICCF email 2012}) 14. Qc2 f5 15. a4 a6 16. a5 Ne5 (16... Be5 $11 {keeps the balance.}) 17. Be2 $1 $16 Nf6 18. Bd2 Rc8 19. Ra4 Nfd7 20. b3 Qf6 21. f4 Nf7 22. g4 Qe7 23. gxf5 gxf5 24. Kh2 Nh6 $1 ({Wrong is} 24... Qh4 $2 25. Qxf5 Nf8 26. Rg1 $18) 25. Rg1 Kh8 26. Rg2 Rg8 $1 27. Ra1 {[#]} (27. Bf3 $11) 27... Ne5 $2 (27... Bd4 $1 $17 {[%mdl 512] Threatens to win with ...Rxg2+.} 28. Rag1 (28. exd4 Rxg2+ 29. Kxg2 Rg8+ 30. Kf1 Qh4 $17) 28... Bxe3 29. Rxg8+ Rxg8 30. Rxg8+ Nxg8) 28. Rg3 $14 c4 29. Rag1 cxb3 30. Qxb3 Ng6 (30... Rc7 $16 {was necessary.}) 31. Bd3 $1 $18 Nh4 32. Ne2 Bf6 {[#]} 33. Be1 (33. Bc1 $1 $18 {is more deadly.}) 33... Rg6 34. Bf2 (34. Qb4 $16) 34... Rcg8 (34... Qf7 $14) 35. Qb4 Nf7 36. Nd4 (36. Rxg6 $16 hxg6 37. Rb1) 36... Rxg3 $11 37. Rxg3 Rxg3 38. Kxg3 Ne5 $1 {( -> ...Qg7+)} 39. Bf1 {[#]} (39. Bxf5 $11 Qg7+ 40. Bg4 Nxg4 41. hxg4) 39... Nd3 $1 $15 {[%cal Rd3b4][%mdl 512]} 40. Qd2 {[#]} (40. Bxd3 Qg7+) 40... Qg7+ ({Better is} 40... Nxf4 $1 $15 {[%mdl 512]} 41. exf4 Qg7+ 42. Kh2 Bxd4) 41. Kh2 $11 {The position is equal.} Nxf2 42. Qxf2 Bxd4 43. Qxh4 {Precision: White = 46%, Black = 37%.} 1/2-1/2

[Event "BL 2017-18"]
[Site "Germany"]
[Date "2018.05.01"]
[Round "15"]
[White "Lupulescu, Constantin"]
[Black "Laznicka, Viktor"]
[Result "1/2-1/2"]
[WhiteElo "2621"]
[BlackElo "2671"]
[Annotator "TA"]
[PlyCount "50"]
[EventDate "2018.05.24"]
[EventType "team-tourn"]
[EventCountry "GER"]
[SourceTitle "playchess.com"]
[Source "ChessBase"]
[SourceQuality "1"]
[WhiteTeam "Aachen"]
[BlackTeam "Schwaebisch Hall"]

{[%evp 12,50,52,56,56,58,74,83,83,85,78,87,81,72,87,83,96,48,64,51,73,79,81,29,65,31,39,37,29,19,22,34,29,26,30,15,16,16,37,24,40]} 1. e4 d5 2. exd5 Qxd5 3. Nf3 Nf6 4. Be2 Bf5 (4... g6 5. O-O Bg7 6. d4 O-O 7. c4 Qd8 8. Nc3 c6 9. h3 Bf5 10. Be3 Na6 11. Qb3 Qc8 12. Rac1 Nc7 13. Rfd1 Ne4 14. Nxe4 Bxe4 15. d5 Rd8 16. Bg5 Rd7 {½-½ (29) Malakhov,V (2713)-Potapov,P (2493) Doha 2016}) 5. d4 c6 6. O-O {B01: Scandinavian Defence} e6 7. c4 {LiveBook: 22 Games} Qd6 8. Nh4 $146 {White is slightly better.} ({Predecessor:} 8. Qb3 Qb4 9. Bf4 Qxb3 10. axb3 Na6 11. Nc3 Nb4 12. Ne5 {½-½ (59) Lukac,R (2060)-Vrana,F (2209) Tatranske Zruby 2016}) 8... Bg6 9. Nc3 Be7 10. g3 O-O 11. Nxg6 hxg6 12. Bf4 Qd8 13. Bf3 Nbd7 14. Qe2 Re8 15. Rfd1 Bf8 16. a3 a5 {[%cal Ba7a5,Ba5a4][%mdl 32]} 17. c5 (17. h4 $16) 17... a4 18. Qc2 Qa5 19. Re1 Rec8 20. Bd2 b6 21. Bd1 {[%cal Rc3a4]} bxc5 22. Nxa4 Qa7 23. dxc5 Nxc5 24. Nxc5 Bxc5 25. Be3 Bxe3 {Precision: White = 67%, Black = 66%.} 1/2-1/2

[Event "BL 2017-18"]
[Site "Germany"]
[Date "2018.05.01"]
[Round "15"]
[White "Cornette, Matthieu"]
[Black "Parligras, Mircea-Emilian"]
[Result "1/2-1/2"]
[WhiteElo "2618"]
[BlackElo "2638"]
[Annotator "TA"]
[PlyCount "101"]
[EventDate "2018.05.24"]
[EventType "team-tourn"]
[EventCountry "GER"]
[SourceTitle "playchess.com"]
[Source "ChessBase"]
[SourceQuality "1"]
[WhiteTeam "Schwaebisch Hall"]
[BlackTeam "Aachen"]

{[%evp 24,101,26,18,41,23,56,12,23,19,-8,-8,-8,-6,-6,-8,-12,-7,-8,-11,-7,-37,-22,-26,0,0,0,-20,-19,-17,-17,-17,-13,-33,-29,-31,-17,-22,-17,-17,-11,-30,-47,-37,0,-4,-4,-4,-4,-4,-4,-7,-4,-4,-4,-10,-4,-29,-29,-22,-22,-22,-22,-29,-29,-29,-22,-29,0,-29,-22,-22,-22,-22,0,-22,0,-22,0,-22]} 1. e4 e5 2. Nf3 Nc6 3. Bc4 Bc5 4. O-O Nf6 5. d3 a6 6. a4 d6 7. c3 Ba7 8. Nbd2 O-O 9. h3 Ne7 10. Re1 Ng6 {C54: Giuoco Piano: 4 c3 Nf6, main lines with 5 d4 and 5 d3} 11. d4 h6 12. Bb3 Re8 13. Bc2 {LiveBook: 15 Games} Be6 14. Nf1 exd4 {[#]} 15. Nxd4 $146 ({Predecessor:} 15. cxd4 d5 {1-0 (47) Vachier Lagrave,M (2796)-Nakamura,H (2785) Paris 2017}) 15... Bd7 16. Ng3 d5 17. exd5 Rxe1+ 18. Qxe1 Bxd4 19. cxd4 Nxd5 20. Bxg6 fxg6 21. Qe4 Be8 22. Ne2 Bf7 23. Nc3 Qe8 24. Bd2 Qc6 25. Re1 Re8 26. Qf3 {[#] Threatens to win with Rxe8+.} Rxe1+ 27. Bxe1 Nb4 {Threatening ...Qxf3.} 28. Qd1 Qc4 29. Ne4 Nc6 30. Bc3 b5 31. axb5 axb5 32. Nd2 Qa2 {[#] ...b4 is the strong threat.} 33. b4 Bd5 34. Nf1 Qc4 35. Qd2 Ne7 36. Ne3 Qc6 37. Bb2 Qe6 38. Bc3 g5 39. Ng4 Ng6 (39... Qe4 {looks sharper.} 40. f3 Qb1+ 41. Kh2 Bf7 42. Ne3 c6) 40. Qe3 (40. Ne5 {keeps more tension.} Qf5 41. Nxg6 Qxg6 42. f3 Qe6 43. Kf2) 40... Nf4 41. Bd2 Qxe3 42. Nxe3 $11 {[%mdl 4096] Endgame KBN-KBN} Kf7 43. f3 Ke6 44. Kf2 Nd3+ 45. Ke2 Nf4+ 46. Kf2 c6 47. Bc3 {The position is equal.} Nd3+ 48. Ke2 Nf4+ 49. Kf2 Nd3+ 50. Ke2 Nf4+ 51. Kf2 {Precision: White = 71%, Black = 63%.} 1/2-1/2

[Event "BL 2017-18"]
[Site "Germany"]
[Date "2018.05.01"]
[Round "15"]
[White "Smeets, Jan"]
[Black "Graf, Alexander"]
[Result "1-0"]
[WhiteElo "2608"]
[BlackElo "2572"]
[Annotator "TA"]
[PlyCount "41"]
[EventDate "2018.05.24"]
[EventType "team-tourn"]
[EventCountry "GER"]
[SourceTitle "playchess.com"]
[Source "ChessBase"]
[SourceQuality "1"]
[WhiteTeam "Solingen"]
[BlackTeam "SF Deizisau"]

{[%evp 16,41,75,84,97,58,81,77,77,80,147,133,153,97,787,690,845,565,551,566,563,564,556,558,1404,1380,29987,29988]} 1. e4 g6 2. d4 Bg7 3. Nc3 d6 4. f4 Nf6 5. Nf3 O-O 6. Bd3 c5 7. dxc5 {B09: Pirc Defence: Austrian Attack} Nbd7 8. cxd6 exd6 9. O-O {LiveBook: 3 Games. White is better.} Re8 10. f5 $146 ({Predecessor:} 10. h3 b5 11. Nxb5 Nxe4 12. Bxe4 Rxe4 13. Nxd6 Re7 14. Nxc8 Rxc8 {½-½ (43) Karjakin,S (2782)-Mamedyarov,S (2753) Moscow 2013}) 10... Nc5 {[%cal Rc5e4]} 11. fxg6 hxg6 {[%cal Rf6e4] [#]} 12. Ng5 $1 Bg4 (12... d5 $142) 13. Qe1 $16 d5 14. e5 (14. Qf2 $142 Ncxe4 15. Ncxe4 dxe4 16. Bc4) 14... d4 $2 {[%mdl 8192]} (14... Ncd7 $16) 15. Bc4 $18 Be6 16. Nxe6 Nxe6 17. exf6 dxc3 18. fxg7 Qd4+ 19. Qf2 cxb2 20. Qxd4 bxc1=Q 21. Bxe6 1-0

[Event "BL 2017-18"]
[Site "Germany"]
[Date "2018.05.01"]
[Round "15"]
[White "Andersen, Mads"]
[Black "Demuth, Adrien"]
[Result "1/2-1/2"]
[WhiteElo "2606"]
[BlackElo "2558"]
[Annotator "TA"]
[PlyCount "62"]
[EventDate "2018.05.24"]
[EventType "team-tourn"]
[EventCountry "GER"]
[SourceTitle "playchess.com"]
[Source "ChessBase"]
[SourceQuality "1"]
[WhiteTeam "Solingen"]
[BlackTeam "SF Deizisau"]

{[%evp 18,62,55,34,42,22,30,20,42,43,37,25,39,7,0,0,7,0,0,0,16,0,18,13,8,11,9,22,66,13,10,10,27,0,0,0,0,0,74,64,66,65,58,0,0,0,0]} 1. c4 c5 2. Nf3 g6 3. d4 cxd4 4. Nxd4 Bg7 5. e4 Nc6 6. Be3 Nf6 7. Nc3 Ng4 8. Qxg4 Nxd4 9. Qd1 e5 10. Nb5 {[%cal Rb5d4] LiveBook: 103 Games} d6 {B39: Sicilian: Maroczy Bind with 5...Bg7 and 7...Ng4} (10... O-O 11. Qd2 Re8 12. Nd6 Bf8 13. c5 Bxd6 14. cxd6 b5 15. Bd3 Qf6 16. O-O Qxd6 17. f4 Ne6 18. f5 Nf4 19. Bxf4 exf4 20. Qxf4 Qxf4 21. Rxf4 {½-½ (66) Paravyan,D (2540)-Plat,V (2520) Yerevan 2017}) 11. Nxd4 exd4 12. Bxd4 Qa5+ 13. Ke2 Be5 14. f3 f5 {Threatening ...fxe4.} 15. exf5 $146 ({Predecessor:} 15. Kf2 fxe4 16. Be2 O-O 17. c5 Be6 18. Bxe5 dxe5 {½-½ (42) Schmidek,E (2387)-Brendel,O (2334) Germany 2018}) 15... Bxf5 16. Kf2 O-O-O $1 {[#] Threatens to win with ...Bc2!} 17. Rc1 Kb8 18. Be2 Rhe8 {White should prevent ...d5.} 19. Re1 d5 20. Bxe5+ Rxe5 21. Qd4 dxc4 22. Qxc4 Rde8 23. b4 (23. Kf1 $14) 23... Qb6+ $11 24. Kf1 $1 ({Not} 24. Kg3 $2 Bd7 $19) 24... Bd7 25. Qf4 {[#] aiming for Rc5.} g5 $1 {[%cal Rg5f4]} 26. Qd2 Rxe2 27. Rxe2 Bb5 (27... Rxe2 $11 28. Qxe2 (28. Kxe2 Bb5+ 29. Kd1 Ba4+ 30. Ke2 Bb5+ 31. Kd1 Ba4+ 32. Ke2 Bb5+ $11) 28... Bb5) 28. Rce1 $16 h6 29. a4 Bc4 30. a5 (30. h4 $14) 30... Qb5 $1 $11 31. Kf2 Bxe2 {Precision: White = 47%, Black = 74%.} 1/2-1/2

[Event "BL 2017-18"]
[Site "Germany"]
[Date "2018.05.01"]
[Round "15"]
[White "Bindrich, Falko"]
[Black "Michalik, Peter"]
[Result "1/2-1/2"]
[WhiteElo "2604"]
[BlackElo "2560"]
[Annotator "TA"]
[PlyCount "48"]
[EventDate "2018.05.24"]
[EventType "team-tourn"]
[EventCountry "GER"]
[SourceTitle "playchess.com"]
[Source "ChessBase"]
[SourceQuality "1"]
[WhiteTeam "Aachen"]
[BlackTeam "Schwaebisch Hall"]

{[%evp 23,48,-12,-1,-10,5,0,0,0,0,0,41,-14,0,-11,-10,-22,-24,-12,0,-3,0,0,0,0,0,0,0]} 1. d4 d5 2. c4 e6 3. Nf3 Nf6 4. g3 Be7 5. Bg2 O-O 6. O-O dxc4 7. Ne5 c5 8. dxc5 Qc7 9. Nxc4 Qxc5 10. b3 Rd8 {E05: Open Catalan: 5 Nf3 Be7} 11. Qc2 (11. Nbd2 Nc6 12. Bb2 Qb5 13. e3 Bd7 14. a4 Qa6 15. g4 Be8 16. g5 Nd7 17. Qg4 Nde5 18. Nxe5 Nxe5 19. Bxe5 Rxd2 {½-½ (31) Matlakov,M (2701)-Blomqvist,E (2574) Caleta 2017}) 11... Nc6 12. Ba3 Nb4 {LiveBook: 3 Games} 13. Qb2 Nfd5 $146 {[#] And now ...Bf6 would win.} ({Predecessor:} 13... Rb8 14. Nc3 Bd7 15. Rac1 Qh5 16. Rfd1 Bc6 17. Bxc6 bxc6 18. Ne3 Bc5 19. Ncd5 Nfxd5 20. Rxc5 Nxe3 21. Rxh5 Rxd1# {0-1 (21) Finkenflugel,R (1909)-Lacrosse,M (2139) Vlissingen 2015}) 14. e4 Nb6 15. Nbd2 Nxc4 16. Nxc4 b5 17. Ne3 (17. Bxb4 $14 Qxb4 18. a3) 17... Bb7 18. Rfd1 a5 19. Qe2 Qb6 20. Bb2 Bc5 {The position is equal.} 21. Qg4 {[%csl Gb2][%cal Rg4g7] [#]} Bd4 22. Rxd4 Rxd4 23. Bxd4 Qxd4 24. Rd1 Qb6 {Precision: White = 47%, Black = 38%.} 1/2-1/2

[Event "BL 2017-18"]
[Site "Germany"]
[Date "2018.05.01"]
[Round "15"]
[White "Gajewski, Grzegorz"]
[Black "Beerdsen, Thomas"]
[Result "1-0"]
[WhiteElo "2599"]
[BlackElo "2447"]
[Annotator "TA"]
[PlyCount "103"]
[EventDate "2018.05.24"]
[EventType "team-tourn"]
[EventCountry "GER"]
[SourceTitle "playchess.com"]
[Source "ChessBase"]
[SourceQuality "1"]
[WhiteTeam "Dresden"]
[BlackTeam "Muelheim"]

{[%evp 19,103,22,20,-15,-10,-26,0,0,0,-8,0,-40,-40,-106,-31,-29,0,0,0,-20,0,0,0,-23,133,134,137,137,132,132,130,135,134,128,139,142,206,190,177,105,74,81,102,87,84,81,105,112,115,114,114,111,108,112,96,104,130,122,165,132,266,249,277,260,261,234,235,286,273,262,281,250,454,326,390,384,389,381,468,461,577,543,791,796,712,714]} 1. d4 Nf6 2. c4 e6 3. Nf3 b6 4. g3 Bb7 5. Bg2 Be7 6. Nc3 Ne4 7. Bd2 Bf6 8. Qc2 Nxd2 9. Qxd2 d6 {E17: Queen's Indian: 4 g3 Bb7 5 Bg2 Be7} 10. e4 (10. h4 Nd7 11. Rd1 O-O 12. Qc2 c6 13. e4 Qc7 14. Ng5 e5 15. d5 h6 16. Nf3 a6 17. dxc6 Qxc6 {1-0 (60) Topalov,V (2741)-Eljanov,P (2751) Shamkir 2017}) 10... O-O {LiveBook: 8 Games} 11. h4 $146 ({Predecessor:} 11. O-O Nd7 12. Rad1 g6 13. d5 a5 14. Nd4 Nc5 15. Rfe1 Bg7 16. Bh3 Qe7 17. Re2 Rae8 18. Qc2 Qg5 19. a3 a4 20. Nxa4 {0-1 (51) Sarana,A (2433)-Azarov,S (2599) Moscow 2016}) 11... c5 {The position is equal.} 12. d5 Bxc3 13. Qxc3 exd5 14. cxd5 Re8 15. O-O-O Nd7 16. h5 (16. Nd2 $15) 16... h6 ({Black should try} 16... Rxe4 $17 17. h6 Qf6) 17. Nh4 $15 Nf6 (17... b5 {feels hotter.} 18. f4 Nf6 19. Qc2 a5 20. Nf5 Bc8) 18. f3 b5 19. Kb1 b4 20. Qd2 Rb8 21. Nf5 c4 $2 ({Black should play} 21... Bc8 $11 22. Ne3 a5) 22. Qxb4 $16 Nxd5 23. Qxc4 ({But not} 23. exd5 $6 Bc8 $14) 23... Qf6 24. Rd2 $1 ({Stronger than} 24. exd5 Qxf5+ 25. Ka1 Rec8 $11) 24... Nb6 {[#]} 25. Qd4 $1 {[%cal Rd4f6]} Qxd4 26. Rxd4 d5 27. Nd6 Re6 (27... Re7 $16 {was worth a try.} 28. f4 Nc4) 28. Nxb7 $18 Rxb7 29. b3 ({Better is} 29. exd5 $18 Re2 30. Bh3) 29... dxe4 $16 30. fxe4 Rbe7 31. Rd8+ Kh7 32. Rhd1 g6 33. a4 {Strongly threatening a5.} Re5 34. hxg6+ fxg6 35. Kb2 h5 36. Bf1 Rg5 37. R1d4 Rb7 38. Ba6 Rc7 39. Rd3 Ra5 (39... Kh6 $16 40. Bb5 Re5) 40. Bb5 $18 a6 {[#]} 41. Be8 $1 Rg5 42. R8d6 Re7 43. Rxb6 Rxe8 44. Rxa6 Rxe4 {[%mdl 4096] Endgame KRR-KRR} 45. Rc6 Reg4 $2 (45... Kh6 46. Rc4 Re2+ 47. Kc3 Ra2) 46. Rcc3 Re5 47. Ka3 Re1 48. Rd2 g5 49. Rd6 {Rc7+ would kill now.White is clearly winning.} Rge4 50. Rc7+ Re7 51. Rxe7+ Rxe7 52. a5 {Precision: White = 65%, Black = 42%.} 1-0